01003nam a22002177a 4500003000900000005001700009007000300026008004100029040002500070082001500095100001600110245016200126260004200288300003800330500006100368500010000429500015600529700003600685700003300721700003100754DO-SdBNP20221114111231.0ta110301s2014 dr co 000 0 spa d aDO-SdBNPbspacBNPHU 4axxxxbV9441 aVolz, Mandy14aUna retrospectiva :besculturas, pinturas, dibujos /cMandy Volz ; textos Line Marie León Pernet, Marianne de Tolentino ; fotografías Mariano Hernández aSanto Domingo :bPunto Visual,c2014. a57 p. :bil., retr., fot.c28 cm. aIncluye datos biográficos del autor en la pagina 57.  aDel 8 de abril al 29 de mayo, 214 galería Nacional de Bellas Artes, Palacio de Bellas Artes.  aAuspicios de: Embajada de Suiza en la República Dominicana. Ministerio de Cultura de la República Dominicana. Dirección General de Bellas Artes. 12aLeón Pernet, Line Marieetex.12aTolentino, Marianne deetex.12aHernández, Marianoefot.